|
|
|
|
| LEADER |
01803nam a2200457 i 4500 |
| 001 |
EBC4787872 |
| 003 |
MiAaPQ |
| 005 |
20200520144314.0 |
| 006 |
m o d | |
| 007 |
cr cnu|||||||| |
| 008 |
170207t20172017dcuad ob 001 0 eng|d |
| 020 |
|
|
|z 9781513539942
|
| 020 |
|
|
|a 9781475558548
|q (electronic bk.)
|
| 035 |
|
|
|a (MiAaPQ)EBC4787872
|
| 035 |
|
|
|a (Au-PeEL)EBL4787872
|
| 035 |
|
|
|a (CaPaEBR)ebr11331573
|
| 035 |
|
|
|a (CaONFJC)MIL988435
|
| 035 |
|
|
|a (OCoLC)969443888
|
| 040 |
|
|
|a MiAaPQ
|b eng
|e rda
|e pn
|c MiAaPQ
|d MiAaPQ
|
| 050 |
|
4 |
|a HC430.C3
|b M63 2017
|
| 245 |
0 |
0 |
|a Modernizing China :
|b investing in soft infrastructure /
|c edited by W. Raphael Lam, Markus Rodlauer, Alfred Schipke.
|
| 264 |
|
1 |
|a Washington, DC :
|b International Monetary Fund,
|c [2017]
|
| 264 |
|
4 |
|c 2017
|
| 300 |
|
|
|a 1 online resource (389 pages) :
|b color illustrations
|
| 336 |
|
|
|a text
|2 rdacontent
|
| 337 |
|
|
|a computer
|2 rdamedia
|
| 338 |
|
|
|a online resource
|2 rdacarrier
|
| 504 |
|
|
|a Includes bibliographical references and index.
|
| 588 |
|
|
|a Description based on online resource; title from PDF title page (ebrary, viewed February 7, 2017).
|
| 590 |
|
|
|a Electronic reproduction. Ann Arbor, MI : ProQuest, 2016. Available via World Wide Web. Access may be limited to ProQuest affiliated libraries.
|
| 650 |
|
0 |
|a Infrastructure (Economics)
|z China.
|
| 650 |
|
0 |
|a Corporate governance.
|
| 650 |
|
0 |
|a Fiscal policy
|z China.
|
| 650 |
|
0 |
|a Monetary policy
|z China.
|
| 651 |
|
0 |
|a China
|x Economic conditions.
|
| 655 |
|
4 |
|a Electronic books.
|
| 700 |
1 |
|
|a Lam, W. Raphael,
|e editor.
|
| 700 |
1 |
|
|a Rodlauer, Markus,
|e editor.
|
| 700 |
1 |
|
|a Schipke, Alfred,
|e editor.
|
| 797 |
2 |
|
|a ProQuest (Firm)
|
| 856 |
4 |
0 |
|u https://ebookcentral.proquest.com/lib/matrademy/detail.action?docID=4787872
|z Click to View
|